|
|
|
|
| LEADER |
01027nam a2200289 a 4500 |
| 001 |
16139985 |
| 008 |
120523s2010 enk 000 0 eng d |
| 010 |
|
|
|a 2010924901
|
| 020 |
|
|
|a 9781847870124 (hbk.)
|
| 020 |
|
|
|a 1847870120 (hbk.)
|
| 020 |
|
|
|a 1847870139 (pbk.)
|
| 020 |
|
|
|a 9781847870131 (pbk.)
|
| 040 |
|
|
|a UKM
|c UKM
|d YDXCP
|d TXA
|d CDX
|d DLC
|c BD-DhAAL
|
| 082 |
0 |
4 |
|a 300.72
|2 22
|
| 100 |
1 |
|
|a David, Matthew.
|
| 245 |
1 |
0 |
|a Social research :
|b an introduction /
|c Matthew David and Carole D. Sutton.
|
| 250 |
|
|
|a 2nd ed.
|
| 260 |
|
|
|a London :
|b SAGE,
|c 2010.
|
| 263 |
|
|
|a 201012
|
| 300 |
|
|
|a x, 665 p.
|b ill., charts ;
|c 24 cm.
|
| 500 |
|
|
|a Previous ed.: 2004.
|
| 541 |
1 |
|
|e 00025255
|
| 650 |
|
0 |
|a Social sciences
|x Research.
|
| 700 |
1 |
|
|a Sutton, Carole D.
|
| 852 |
1 |
|
|a Ayesha Abed Library
|j General shelf
|
| 999 |
|
|
|c 12205
|d 12205
|
| 952 |
|
|
|0 0
|1 0
|4 0
|6 300_720000000000000_DAV
|7 0
|9 20248
|a BRACUL
|b BRACUL
|c GEN
|d 2012-05-23
|e Karim International
|g 2974.00
|l 3
|m 16
|o 300.72 DAV
|p 3010025255
|r 2016-11-30
|s 2016-08-29
|t 1
|w 2012-05-23
|y BK
|